|
|
|
|
| LEADER |
00000nam a2200000 a 4500 |
| 001 |
vtls001110798 |
| 003 |
SK-MaSNL |
| 005 |
20260301055339.0 |
| 008 |
250414s1977 xo 0 slo |
| 015 |
|
|
|a SNBA1978
|
| 035 |
|
|
|a SNK000053641
|
| 040 |
|
|
|a SNK
|b slo
|c SNK
|e AACR2
|
| 041 |
0 |
|
|a slo
|
| 044 |
|
|
|a xo
|c SK
|
| 080 |
|
|
|a 894.511-3(087.5)
|2 1981
|
| 100 |
1 |
|
|a Dávid, Teréz,
|d 1906-2002
|4 aut
|9 15040
|
| 245 |
1 |
0 |
|a Poklady starej truhlice
|c Teréz Dávid ; Mária Števková, Anna Bartošová
|
| 250 |
|
|
|a 1. vyd.
|
| 260 |
|
|
|a Bratislava
|b Mladé letá
|c 1977
|e Banská Bystrica
|f Tlačiarne SNP
|
| 300 |
|
|
|a 125 s., 7,65 AH
|c 21 cm
|
| 366 |
|
|
|e 7000 výtl.
|
| 500 |
|
|
|a Ilustr. na tit. dvojliste. Pre čitateľov od 9 rokov.
|
| 700 |
1 |
|
|a Števková, Mária,
|d 1940-
|4 trl
|9 229454
|
| 700 |
1 |
|
|a Bartošová, Anna
|4 bkd
|9 282137
|
| 852 |
|
|
|a Slovenská národná knižnica
|
| 954 |
|
|
|a poviedky dedinské
|a poviedky vedeckofantastické
|a literatúra maďarská v ČSSR
|a literatúra pre deti a mládež
|a literatúra vedeckofantastická
|
| 954 |
|
|
|a dedina maďarská
|a dobrodružstvá detské
|
| 954 |
|
|
|a kozmos
|a Mesiac
|a kozmické lode
|
| 958 |
|
|
|a OND
|
| 958 |
|
|
|a LX
|
| 958 |
|
|
|a DB
|
| 958 |
|
|
|a TL
|
| 958 |
|
|
|a UP
|
| 999 |
|
|
|c 613150
|d 615080
|
| 952 |
|
|
|a SNK
|b SNK
|y VYP
|7 0
|p 17A1132635
|o snkSC 43357 D1
|i snkKSP 1841/78
|0 0
|1 0
|4 0
|d 2014-12-03
|l 0
|r 2026-02-23 16:29:33
|w 2026-02-23
|